| 000 | 00000nas 2200000za 4500 |
| 001 | 9.832983 |
| 003 | CaOODSP |
| 005 | 20221107150119 |
| 007 | cr ||||||||||| |
| 008 | 170224d19601980oncar p oss f0###b0fre|d |
| 022 | |y0527-4818 |
| 040 | |aCaOODSP|bfre |
| 041 | |afre|aeng |
| 043 | |an-cn--- |
| 086 | 1 |aCS43-208-PDF |
| 245 | 00|aBattery manufacturers |h[ressource électronique]. |
| 246 | 13|aManufacturiers de batteries|f1969 |
| 246 | 13|aFabricants d'accumulateurs|f1970-1980 |
| 260 | |a[Ottawa] : |bDominion Bureau of Statistics, Industry and Merchandising Division, |c1962-1982. |
| 310 | |aAnnuel |
| 362 | 0 |a1960-1980. |
| 500 | |aÉdition numérisée de l’imprimé [par Statistique Canada]. |
| 546 | |aTexte en anglais seulement, 1960-1968; texte en anglais et en français, 1969-1980. |
| 550 | |aPublié 1961-1964 par Industry Division; 1965-1969 par la Division des industries manufacturières et primaires; 1970-1978 par Statistique Canada, Division des industries manufacturières et primaires; 1979-1980 par la Section des aliments, des boissons, des textiles et des industries diverses. |
| 580 | |aFait suite après scission à: Electrical apparatus and supplies industry. |
| 580 | |aFusionné avec: Manufacturers of miscellaneous electrical products (Final); Manufacturers of lighting fixtures (Final); et, Electric lamp and shade manufacturers (Final), et devient: Miscellaneous electrical industries. |
| 692 | 07|2gccst|aIndustrie de la fabrication |
| 692 | 07|2gccst|aStatistique |
| 710 | 1 |aCanada. |bBureau fédéral de la statistique. |bDivision de l'industrie et du commerce. |
| 710 | 1 |aCanada. |bBureau fédéral de la statistique. |bDivision de l'industrie. |
| 710 | 1 |aCanada. |bBureau fédéral de la statistique. |bDivision des industries manufacturières et primaires. |
| 710 | 2 |aCanada. |bStatistique Canada. |bSection des aliments, des boissons, des textiles et des industries diverses. |
| 710 | 1 |aCanada. |bStatistique Canada. |bDivision des industries manufacturières et primaires. |
| 785 | 00|tMiscellaneous electrical industries |w(CaOODSP)9.833019 |
| 791 | |tBattery manufacturers |eeng|w(CaOODSP)9.832981 |